[Event "KAZ-ch 2018"]
[Site "Almaty"]
[Date "2018.04.22"]
[Round "3"]
[White "Nogerbek, Kazybek"]
[Black "Suleymenov, Alisher"]
[Result "1/2-1/2"]
[WhiteElo "2323"]
[BlackElo "2351"]
[Annotator "ChessBase"]
[PlyCount "160"]
[EventDate "2018.??.??"]
[EventType "tourn"]
[EventCountry "KAZ"]
[SourceTitle "playchess.com"]
[Source "ChessBase"]
[SourceQuality "1"]
[TimeControl "40/5400+30:1800+30"]

1. e4 {[%emt 0:00:00]} c5 {[%emt 0:02:24]} 2. Nf3 {[%emt 0:00:00]} e6 {[%emt 0:00:04]} 3. d4 {[%emt 0:00:00]} cxd4 {[%emt 0:00:05]} 4. Nxd4 {[%emt 0:00:07]} Nc6 {[%emt 0:00:04]} 5. Nc3 {[%emt 0:00:08]} Qc7 {[%emt 0:00:04]} 6. Be3 {[%emt 0:00:08]} a6 {[%emt 0:00:08]} 7. Qd2 {[%emt 0:00:06]} Nf6 {[%emt 0:00:08]} 8. O-O-O {[%emt 0:00:07]} Be7 {[%emt 0:00:50]} 9. f3 {[%emt 0:01:02]} b5 {[%emt 0:00:04]} 10. Nxc6 {[%emt 0:03:00]} dxc6 {[%emt 0:00:31]} 11. Qf2 {[%emt 0:00:13]} e5 {[%emt 0:07:07]} 12. Bb6 {[%emt 0:06:53]} Qb7 {[%emt 0:00:54]} 13. Bc5 {[%emt 0:00:14]} O-O {[%emt 0:02:22]} 14. Be2 {[%emt 0:00:29]} Be6 {[%emt 0:03:07]} 15. Kb1 {[%emt 0:01:49]} Bxc5 {[%emt 0:25:30]} 16. Qxc5 {[%emt 0:02:24]} Nd7 {[%emt 0:00:03]} 17. Qd6 {[%emt 0:00:28]} Rfe8 {[%emt 0:01:37]} 18. Rd2 {[%emt 0:16:09]} a5 {[%emt 0:00:16]} 19. Nd1 {[%emt 0:01:46]} Qb6 {[%emt 0:08:18]} 20. Qd3 {[%emt 0:08:07]} Nc5 {[%emt 0:02:36]} 21. Qe3 {[%emt 0:01:46]} Reb8 {[%emt 0:09:30]} 22. Rd6 {[%emt 0:03:38]} a4 {[%emt 0:11:35]} 23. Nc3 {[%emt 0:17:12]} a3 {[%emt 0:06:34]} 24. b3 {[%emt 0:03:51]} Na4 {[%emt 0:03:54]} 25. Rd3 {[%emt 0:03:05]} Qxe3 {[%emt 0:08:13]} 26. Rxe3 {[%emt 0:00:09]} Nc5 {[%emt 0:00:09]} 27. Nd1 {[%emt 0:01:41]} b4 {[%emt 0:01:45]} 28. Nf2 {[%emt 0:00:45]} Rd8 {[%emt 0:01:44]} 29. Nd3 {[%emt 0:00:34]} Nxd3 {[%emt 0:00:05]} 30. Rxd3 {[%emt 0:00:06]} Rxd3 {[%emt 0:00:06]} 31. Bxd3 {[%emt 0:00:40]} Rd8 {[%emt 0:00:25]} 32. Rd1 {[%emt 0:01:15]} Kf8 {[%emt 0:00:21]} 33. c3 {[%emt 0:03:13]} c5 {[%emt 0:00:32]} 34. Be2 {[%emt 0:02:04]} Rxd1+ {[%emt 0:00:34]} 35. Bxd1 {[%emt 0:00:05]} Ke7 {[%emt 0:04:21]} 36. Kc2 {[%emt 0:00:14]} f5 {[%emt 0:01:42]} 37. c4 {[%emt 0:01:04]} Kf6 {[%emt 0:00:22]} 38. Kd3 {[%emt 0:00:18]} f4 {[%emt 0:00:51]} 39. Ke2 {[%emt 0:02:44]} g5 {[%emt 0:00:11]} 40. Kf2 {[%emt 0:01:07]} Kg6 {[%emt 0:30:32]} 41. Be2 {[%emt 0:32:47]} Kh5 {[%emt 0:00:00]} 42. g4+ {[%emt 0:00:00]} fxg3+ {[%emt 0:00:00]} 43. Kxg3 {[%emt 0:00:00]} Kg6 {[%emt 0:00:00]} 44. Bd1 {[%emt 0:00:00]} Bd7 {[%emt 0:00:00]} 45. Be2 {[%emt 0:00:00]} Bc6 {[%emt 0:00:00]} 46. Bd3 {[%emt 0:00:00]} Bd7 {[%emt 0:00:00]} 47. Be2 {[%emt 0:00:00]} Be6 {[%emt 0:00:00]} 48. Bd1 {[%emt 0:00:00]} Kf6 {[%emt 0:00:00]} 49. Be2 {[%emt 0:00:00]} Bf7 {[%emt 0:00:00]} 50. Bd1 {[%emt 0:00:00]} Bg6 {[%emt 0:00:00]} 51. Bc2 {[%emt 0:00:00]} Kg7 {[%emt 0:00:00]} 52. Bd3 {[%emt 0:00:00]} Kh6 {[%emt 0:00:06]} 53. Bc2 {[%emt 0:00:00]} Bf7 {[%emt 0:00:49]} 54. Bd1 {[%emt 0:00:00]} Be6 {[%emt 0:00:35]} 55. Be2 {[%emt 0:00:00]} Kg6 {[%emt 0:00:09]} 56. Bd1 {[%emt 0:00:00]} Kg7 {[%emt 0:00:49]} 57. Be2 {[%emt 0:00:00]} Bf7 {[%emt 0:00:27]} 58. Bd1 {[%emt 0:00:00]} Bh5 {[%emt 0:00:05]} 59. Be2 {[%emt 0:00:00]} Kf6 {[%emt 0:00:21]} 60. Bd1 {[%emt 0:00:00]} Bg6 {[%emt 0:00:04]} 61. Bc2 {[%emt 0:00:00]} Kf7 {[%emt 0:00:14]} 62. Bd3 {[%emt 0:00:00]} Kf8 {[%emt 0:00:10]} 63. Kg4 {[%emt 0:00:00]} h6 {[%emt 0:00:01]} 64. Kg3 {[%emt 0:00:00]} Kg7 {[%emt 0:00:18]} 65. Bc2 {[%emt 0:00:00]} Be8 {[%emt 0:00:21]} 66. Bd1 {[%emt 0:00:00]} Bd7 {[%emt 0:00:08]} 67. Be2 {[%emt 0:00:00]} Kg6 {[%emt 0:00:03]} 68. Bd1 {[%emt 0:00:00]} Bc6 {[%emt 0:00:04]} 69. Bc2 {[%emt 0:00:00]} Bb7 {[%emt 0:00:10]} 70. Bd3 {[%emt 0:00:00]} Ba6 {[%emt 0:00:04]} 71. Bc2 {[%emt 0:00:00]} Bc8 {[%emt 0:00:04]} 72. Bd1 {[%emt 0:00:00]} Bd7 {[%emt 0:00:13]} 73. Be2 {[%emt 0:00:00]} Kf6 {[%emt 0:00:08]} 74. Bd1 {[%emt 0:00:00]} Bc6 {[%emt 0:00:25]} 75. Bc2 {[%emt 0:00:00]} h5 {[%emt 0:00:04]} 76. h4 {[%emt 0:00:00]} Kg6 {[%emt 0:00:03]} 77. Bd3 {[%emt 0:00:00]} Kh6 {[%emt 0:00:05]} 78. Bc2 {[%emt 0:00:00]} Be8 {[%emt 0:00:19]} 79. Bd3 {[%emt 0:00:00]} Bd7 {[%emt 0:00:03]} 80. Be2 {[%emt 0:00:00]} Kg6 {[%emt 0:00:03]} 1/2-1/2

[Event "KAZ-ch 2018"]
[Site "Almaty"]
[Date "2018.04.22"]
[Round "3"]
[White "Igambergenov, Alibek"]
[Black "Kazhgaleyev, Murtas"]
[Result "0-1"]
[WhiteElo "2296"]
[BlackElo "2577"]
[Annotator "TA"]
[PlyCount "88"]
[EventDate "2018.??.??"]
[EventType "tourn"]
[EventCountry "KAZ"]
[SourceTitle "playchess.com"]
[Source "ChessBase"]
[SourceQuality "1"]

{[%evp 17,88,-25,-3,-28,-30,-56,-74,-70,-37,-54,-38,-59,16,15,3,28,13,-9,-9,-10,-11,-11,-11,-6,-9,-10,-8,-20,-6,-9,-9,-7,-8,-10,-8,-10,0,0,0,-11,-9,-8,-8,-35,-33,-29,-31,-68,-45,-51,-52,-119,-120,-140,-140,-149,-147,-216,-261,-261,-256,-239,-245,-270,-265,-310,-281,-357,-360,-363,-318,-278,-175]} 1. d4 Nf6 2. c4 e6 3. Nf3 d5 4. Nc3 Bb4 5. e3 O-O 6. a3 Bxc3+ 7. bxc3 c5 8. cxd5 exd5 9. Bd3 Nc6 10. dxc5 $146 {E56: Nimzo-Indian: Rubinstein: Main Line: 7...Nc6} ({Predecessor:} 10. O-O Re8 11. h3 c4 12. Bc2 Ne4 13. Bb2 Bf5 14. a4 Qf6 15. Rb1 b6 16. Re1 Re6 17. Qe2 Rae8 18. Kh2 {½-½ (31) Kuzubov,Y (2467)-Khurtsidze,N (2391) Alushta 2004}) 10... Bg4 11. Qc2 Bxf3 $1 12. gxf3 {Black is better.} Qe7 13. Be2 Qxc5 14. Rb1 {[%cal Ba1b1,Bb1b5,Bb5c5][%mdl 32] [#]} d4 $1 {[%mdl 512]} 15. Rb5 $11 (15. cxd4 Qxc2) 15... Qxc3+ 16. Qxc3 dxc3 17. Rc5 Rac8 18. Rxc3 Nd5 19. Rc5 Na5 20. Rxd5 {Threatens to win with Bd2.} Rxc1+ 21. Bd1 Nc6 22. Rg1 Rd8 23. Rgg5 Kf8 24. Kd2 (24. Rxd8+ {looks sharper.} Nxd8 25. Kd2 Ra1 26. a4 Ra2+ 27. Bc2) 24... Ra1 25. Rxd8+ Nxd8 {[%mdl 4096] Endgame KRB-KRN} 26. a4 Ne6 27. Ra5 a6 28. Bb3 Ke7 29. Rh5 h6 30. a5 Rf1 31. Ke2 Rb1 32. Bc4 Rb2+ 33. Kf1 Rb4 34. Bd3 (34. Ba2 $15) 34... Kd6 $17 35. f4 Nc5 36. Be2 {[#]} Ra4 $1 37. Rf5 (37. Bf3 $17 {is a better defense.} Rxa5 38. Rd5+ Ke7 39. Re5+ Kf6 40. Kg2) 37... f6 $19 ({Inferior is} 37... Rxa5 38. Rxf7 b5 39. Rxg7 $11) 38. Bf3 {With the idea Rd5+.} Rxa5 39. Rd5+ Kc7 40. Kg2 b6 41. Kg3 Ra2 42. e4 a5 {[%cal Ba6a5,Ba5a4][%mdl 32]} 43. e5 a4 44. Rd6 Ra3 {Precision: White = 40%, Black = 82%.} 0-1

[Event "KAZ-ch 2018"]
[Site "Almaty"]
[Date "2018.04.22"]
[Round "3"]
[White "Zhalmakhanov, Ramazan"]
[Black "Kostenko, Petr"]
[Result "0-1"]
[WhiteElo "2271"]
[BlackElo "2435"]
[Annotator "TA"]
[PlyCount "78"]
[EventDate "2018.??.??"]
[EventType "tourn"]
[EventCountry "KAZ"]
[SourceTitle "playchess.com"]
[Source "ChessBase"]
[SourceQuality "1"]

{[%evp 26,78,13,0,9,0,0,0,0,0,0,0,0,-19,-11,-16,-19,-10,-14,-21,0,0,0,0,0,0,0,-17,-12,-19,0,-17,-15,-32,-3,-31,-27,-31,-19,-36,-27,-75,-54,-145,-138,-413,-400,-393,-389,-572,-573,-586,-588,-582,-575]} 1. e4 c6 2. d4 d5 3. exd5 cxd5 4. c3 Nc6 5. Bd3 Nf6 6. Bf4 Bg4 7. Qb3 Qc8 8. Nd2 e6 9. Ngf3 Be7 10. O-O Bh5 11. Ne5 Nxe5 12. Bxe5 {B13: Caro-Kann: Exchange Variation and Panov-Botvinnik Attack} O-O 13. Bxf6 (13. Rac1 Bg6 14. Bxg6 hxg6 15. c4 Qd7 16. c5 Rfc8 17. Qd3 a5 18. Rc3 Qc6 19. Rfc1 Ne4 20. Nxe4 dxe4 {½-½ (50) Wei,Y (2696)-Zhou,J (2620) Wuxi 2016}) 13... Bxf6 14. f4 {LiveBook: 5 Games. The position is equal.} Bg6 15. f5 Bxf5 16. Bxf5 exf5 17. Qxd5 g6 18. Rae1 Qc7 19. Re2 $146 ({Predecessor:} 19. Nf3 Rad8 {0-1 (35) Beck,F (2327)-Lauber,A (2497) Boeblingen 2008}) 19... Rfe8 20. Rfe1 Rxe2 21. Rxe2 Kg7 22. Qc4 Qb6 23. Nf3 Rd8 24. Kf1 Rd6 25. Ke1 Rc6 26. Qa4 (26. Qd3 {keeps more tension.} a6 27. Kf1 Rd6 28. Qc4 Rc6 29. Qd3) 26... a6 27. Kd1 (27. Kf1 {is more complex.} Rc8 28. a3 Qd6 29. Ne5 b5 30. Qb3) 27... Re6 {Threatens to win with ...Rxe2.} (27... Rc8 {feels hotter.} 28. Qb3 Qc6 29. Ke1 b5 30. a3 a5) 28. Rxe6 (28. Qc4 {looks sharper.} Rxe2 29. Qxe2 Qc6 30. g3 Qd5 31. b3) 28... Qxe6 29. Qb3 Qd7 30. a4 g5 {[%cal Bg6g5,Bg5g4][%mdl 32]} 31. Qc4 h5 32. d5 Qd6 33. Qd3 {[#]} Qf4 $1 34. Ke2 ({White should try} 34. a5 $15) 34... g4 $17 35. Nd4 $2 {[%mdl 8192] [#]} (35. Ne1 $17 {was forced.}) 35... Bxd4 $1 $19 36. cxd4 (36. Qxd4+ Qxd4 37. cxd4 f4 $17) 36... Qe4+ ({Weaker is} 36... Qxh2 37. Qxf5 Qxg2+ 38. Kd3 $17) 37. Kd2 ({Stronger than} 37. Qxe4 fxe4 38. d6 Kf8 $17) (37. Qe3 {keeps fighting.} Qxg2+ 38. Kd3 Qxd5 39. Qg5+ Kf8 40. Kc3) 37... Qxg2+ {Black is clearly winning.} 38. Kc3 Qxd5 39. Qd2 Kg6 {Precision: White = 27%, Black = 76%.} 0-1

[Event "KAZ-ch 2018"]
[Site "Almaty"]
[Date "2018.04.23"]
[Round "4"]
[White "Kazhgaleyev, Murtas"]
[Black "Kazakov, Konstantin"]
[Result "1/2-1/2"]
[WhiteElo "2577"]
[BlackElo "2410"]
[Annotator "TA"]
[PlyCount "75"]
[EventDate "2018.??.??"]
[EventType "tourn"]
[EventCountry "KAZ"]
[SourceTitle "playchess.com"]
[Source "ChessBase"]
[SourceQuality "1"]

{[%evp 20,75,15,-1,47,20,20,31,33,14,40,72,72,70,56,66,85,91,122,119,134,124,104,89,97,98,98,22,83,97,128,104,124,114,100,94,87,89,115,45,165,0,0,0,0,0,0,0,16,0,0,0,0,0,0,0,0,0]} 1. d4 Nf6 2. c4 e6 3. Nc3 d5 4. cxd5 Nxd5 5. e4 Nxc3 6. bxc3 c5 7. Nf3 cxd4 8. cxd4 Bb4+ 9. Bd2 Bxd2+ 10. Qxd2 O-O 11. Bd3 {LiveBook: 29 Games} Nd7 {D41: Queen's Gambit Declined: Semi-Tarrasch with 5 cxd5} (11... Nc6 12. Bc2 b6 13. O-O Bb7 14. d5 Na5 15. dxe6 fxe6 16. Qe2 Rc8 17. Rad1 Qc7 18. Nd4 Qe5 19. Rfe1 {½-½ (37) Wojtaszek,R (2737)-Kramnik,V (2794) Antalya 2017}) 12. e5 $146 ({Predecessor:} 12. O-O b6 13. a4 a5 14. Rfc1 Bb7 15. Qf4 {½-½ (15) Vaitonis,V (2014)-Bieliauskas,M (2140) Lithuania 2014}) 12... h6 13. O-O Nb6 {White is slightly better.} 14. Qf4 Rb8 15. Qe4 {[%csl Gd3][%cal Re4h7]} g6 16. h4 $36 {[%mdl 2048] White is more active.} Bd7 17. Rac1 $1 h5 18. g4 {Threatens to win with gxh5.} hxg4 19. Qxg4 {Hoping for Bxg6!} Bc6 {[#] Threatening ...Bxf3.} 20. Rxc6 $1 {[%mdl 512]} bxc6 {[#]} 21. Bxg6 $1 {[%mdl 512]} fxg6 22. Qxg6+ Kh8 {[#] And now ...Rg8 would win.} 23. Qh6+ $1 Kg8 {[#]} 24. Kh2 $1 {Threatening mate with Qg6+.} Kf7 ({Inferior is} 24... Rxf3 25. Rg1+ Qg5 26. Rxg5+ Kf7 27. Rg7+ Ke8 28. Qxe6+ Kd8 29. Qg8+ Rf8 30. Qxf8#) 25. Ng5+ Ke8 26. Nxe6 Qe7 27. Nxf8 Qxf8 28. Qxc6+ Kd8 29. Qe4 (29. f4 $16) 29... Rc8 ({Better is} 29... Nc8 $14) 30. Rg1 $2 (30. f4 $18) 30... Qxf2+ $11 {The position is equal.} 31. Rg2 Qf8 32. a4 a5 33. h5 Rc7 34. Qh4+ Kc8 35. Qg4+ Kb7 36. Qe4+ Ka7 37. e6 Qd6+ 38. Kh1 {Precision: White = 71%, Black = 53%.} 1/2-1/2

[Event "KAZ-ch 2018"]
[Site "Almaty"]
[Date "2018.04.23"]
[Round "4"]
[White "Ismagambetov, Anuar"]
[Black "Nogerbek, Kazybek"]
[Result "1/2-1/2"]
[WhiteElo "2547"]
[BlackElo "2323"]
[Annotator "TA"]
[PlyCount "154"]
[EventDate "2018.??.??"]
[EventType "tourn"]
[EventCountry "KAZ"]
[SourceTitle "playchess.com"]
[Source "ChessBase"]
[SourceQuality "1"]

{[%evp 14,154,-21,-3,14,16,28,29,72,55,71,49,50,62,56,72,60,54,65,44,44,44,44,44,44,50,44,40,75,34,56,55,78,64,60,37,54,13,41,38,40,0,13,-7,46,37,39,12,46,12,45,22,46,46,46,46,46,28,45,-55,-56,-79,-50,-72,-70,-147,-22,-114,0,0,0,0,0,0,19,11,15,10,17,20,17,17,44,8,8,0,0,0,0,0,0,0,0,0,0,0,34,0,0,0,0,0,0,0,0,0,0,0,0,0,0,0,0,0,0,0,49,0,0,0,8,8,8,8,8,8,8,8,8,8,61,8,8,0,62,0,4,0,53,40,47,8,17]} 1. e4 e6 2. d4 d5 3. Nc3 Bb4 4. e5 b6 5. Qg4 Bf8 6. Bb5+ c6 7. Ba4 a5 8. a3 {LiveBook: 13 Games. C16: French: 3 Nc3 Bb4 4 e5: Lines without ...c5} Ne7 9. Nce2 h5 $146 ({Predecessor:} 9... Ba6 10. c3 Nd7 11. Nh3 Qc7 12. O-O Nf5 13. Re1 h6 14. Nef4 O-O-O 15. Bc2 g6 16. Nxe6 fxe6 {1-0 (44) David,A (2435)-Conquest,S (2585) Amsterdam 1996}) 10. Qh3 {White has an edge.} Nd7 11. c3 Ba6 12. Nf3 Bxe2 13. Kxe2 b5 14. Bc2 {aiming for Ng5.} g6 15. Bg5 Bh6 16. Bh4 Qc7 17. Rhe1 Nf5 18. Bxf5 exf5 19. Kf1 Nf8 $1 20. Bf6 Rg8 21. Bg5 Bg7 22. a4 Qb7 23. Kg1 Ne6 24. g3 Kd7 25. Reb1 Rgb8 26. Qf1 Bf8 27. b3 b4 28. c4 Qa6 ({Better is} 28... c5 $11) 29. Be3 Be7 30. Rc1 Rc8 31. Qe2 Qb7 32. Ra2 Rc7 33. Rac2 Rac8 34. Ne1 Ke8 35. Qf3 Rd8 36. Kg2 (36. cxd5 $14 cxd5 37. Rxc7 Nxc7 38. Nd3) 36... c5 $15 37. cxd5 Qxd5 38. Qxd5 Rxd5 39. Nf3 {[#]} (39. Nd3 $15) 39... Kd7 (39... g5 $1 $17 40. dxc5 f4 41. gxf4 gxf4) 40. Kf1 {[#]} (40. h4 $11) 40... cxd4 (40... g5 $1 $17 {...f4 is the strong threat.} 41. dxc5 Kc6) 41. Rxc7+ $11 Nxc7 42. Nxd4 Ne6 43. Nc6 Bd8 44. Ke2 h4 45. f4 hxg3 46. hxg3 Bc7 47. Na7 Bd8 48. Rc8 g5 49. Ra8 gxf4 50. gxf4 f6 51. exf6 Bxf6 52. Nb5 Bd8 53. Ra7+ Ke8 54. Rh7 Bf6 55. Ra7 Bd8 $1 56. Rb7 Rd7 57. Rb8 Kf7 58. Ra8 Ke7 59. Ra6 Rd5 60. Ra7+ Rd7 61. Ra8 Rd5 62. Ra6 Kd7 63. Ra7+ Ke8 64. Rh7 Bf6 65. Rb7 Bd8 $1 66. Ra7 Rd7 67. Ra6 Ke7 68. Na7 Rd5 69. Nc6+ Kd7 70. Ne5+ Ke7 71. Ra7+ Ke8 (71... Bc7 $11) 72. Ra8 ({White should play} 72. Rh7 $1 $14) 72... Ke7 73. Ra7+ (73. Nc6+ $11 Kf6 74. Nxd8 Nxd8 75. Bb6) 73... Ke8 $14 74. Ra6 (74. Rb7 $14) 74... Ke7 $1 $11 75. Ra7+ Ke8 76. Rh7 Bc7 77. Ng6 {Strongly threatening Re7+.} (77. Rh5 $5 {[%cal Rh5f5]}) 77... Bd6 {Precision: White = 54%, Black = 62%.} 1/2-1/2

[Event "KAZ-ch 2018"]
[Site "Almaty"]
[Date "2018.04.23"]
[Round "4"]
[White "Kostenko, Petr"]
[Black "Igambergenov, Alibek"]
[Result "1-0"]
[WhiteElo "2435"]
[BlackElo "2296"]
[Annotator "TA"]
[PlyCount "73"]
[EventDate "2018.??.??"]
[EventType "tourn"]
[EventCountry "KAZ"]
[SourceTitle "playchess.com"]
[Source "ChessBase"]
[SourceQuality "1"]

{[%evp 19,73,14,18,8,8,21,2,8,25,0,32,30,32,0,12,0,32,31,77,67,70,68,72,70,71,81,72,72,93,112,104,110,165,151,370,361,381,371,427,439,422,438,881,803,1221,1211,1192,1138,1155,1163,2216,2185,2274,2186,29986,29987]} 1. e4 e6 2. d4 d5 3. Nd2 Be7 4. e5 c5 5. Qg4 Kf8 6. dxc5 {C03: French Tarrasch: Unusual Black 3rd moves} Nc6 7. Qe2 Bxc5 8. Nb3 Bb6 9. Be3 Nge7 10. f4 Nf5 {LiveBook: 4 Games} 11. Bxb6 Qxb6 $146 ({Predecessor:} 11... axb6 12. Nf3 Ra4 13. Qd2 Re4+ {½-½ (34) Castellanos Rodriguez,R (2481)-Vocaturo,D (2582) Benasque 2016}) 12. Nf3 a5 {[%cal Ba7a5,Ba5a4][%mdl 32] Strongly threatening ...a4.} 13. Qf2 Qb4+ 14. Nfd2 a4 15. c3 Qe7 16. Nc5 h5 17. Nf3 Ra5 18. Nd3 a3 {[#]} 19. b4 $1 {[%cal Rb4a5]} Ra8 20. Be2 g6 21. O-O Kg7 22. Rab1 Qc7 23. Rfc1 Bd7 24. Nc5 Nce7 25. Bd3 Rhc8 (25... Bc8 $16 {keeps fighting.}) 26. h3 $18 {[%cal Bh2h3,Bh3g4][%mdl 32]} Bc6 $2 {[#]} (26... Kh8 $16 {was called for.} 27. g4 Ng7) 27. g4 $1 hxg4 28. hxg4 Nh6 29. Nd4 (29. Qh4 Neg8 $18) 29... Bd7 30. Qh4 Nhg8 (30... b6 $142 31. Nxd7 Qxd7) 31. Rc2 b6 32. Nxd7 Qxd7 {[#]} 33. f5 $1 {[%mdl 512]} exf5 34. gxf5 gxf5 35. Rg2+ Kf8 36. Qh7 Rc4 37. e6 {Precision: White = 86%, Black = 35%.} 1-0

[Event "KAZ-ch 2018"]
[Site "Almaty"]
[Date "2018.04.23"]
[Round "4"]
[White "Makhnev, Denis"]
[Black "Suleymenov, Alisher"]
[Result "1-0"]
[WhiteElo "2409"]
[BlackElo "2351"]
[Annotator "TA"]
[PlyCount "113"]
[EventDate "2018.??.??"]
[EventType "tourn"]
[EventCountry "KAZ"]
[SourceTitle "playchess.com"]
[Source "ChessBase"]
[SourceQuality "1"]

{[%evp 16,113,36,21,45,40,46,19,19,12,25,-81,-92,-85,-77,-79,-79,-79,-91,-82,0,0,0,0,0,0,0,0,0,0,35,0,35,35,202,188,282,279,354,325,431,422,348,391,462,412,444,0,0,0,466,412,414,391,327,302,443,426,394,356,1125,1004,4800,4800,4800,4800,2631,2148,4800,4793,4775,4762,4710,4714,4990,4990,4990,4990,4990,4983,4967,4983,4808,4808,4808,4808,4793,4793,4786,4786,29982,29983,29983,29984,29984,29985,29985,29986,29986,29987]} 1. d4 Nf6 2. Nf3 b6 3. g3 Bb7 4. Bg2 g6 5. O-O Bg7 6. c4 O-O 7. d5 Na6 {A50: Queen's Fianchetto Defence (1 d4 Nf6 2 c4 b6)} (7... e6 8. Nc3 Re8 9. Nd4 exd5 10. cxd5 Na6 11. e4 Nc5 12. Re1 Nxd5 13. exd5 Rxe1+ 14. Qxe1 Bxd4 15. Be3 {0-1 (39) Melkumyan,H (2633)-Mamedyarov,S (2799) Riadh 2017}) 8. Nc3 Nc5 9. Qc2 {LiveBook: 5 Games} a5 {The position is equal.} 10. e4 d6 11. Rb1 e5 12. b3 Bc8 13. a3 $146 {[#]} (13. Bg5 $11) ({Predecessor:} 13. Nd2 Nh5 14. a3 f5 15. b4 axb4 16. axb4 {1-0 (43) Cuenca Jimenez,J (2477)-Colpe,M (2284) Hamburg 2012}) 13... Nfxe4 $1 {[%mdl 512]} 14. Nxe4 Nxe4 15. Nxe5 {And now Nc6 would win.} Nxg3 16. Nxf7 Bf5 17. Qxf5 Rxf7 (17... gxf5 $6 18. Nxd8 Ne2+ 19. Kh1 $11) (17... Ne2+ $17 18. Kh1 Rxf7) 18. Qxf7+ $11 Kxf7 19. fxg3+ Kg8 {Threatens to win with ...Qe7.} 20. Bh3 $1 b5 21. a4 {aiming for Be6+.} bxc4 22. bxc4 Rb8 23. Be6+ {[%mdl 1024] White has compensation.} Kh8 24. Rb5 Qe8 $2 (24... Rxb5 $14 25. cxb5 Bf6) 25. Kg2 $1 $18 h6 (25... Rb6 $142 26. Rf7 Rxb5 27. cxb5 Qb8) 26. Rf7 $1 {[%cal Rf7c7]} Rxb5 27. cxb5 ({Inferior is} 27. axb5 Qb8 $11) 27... Qb8 28. Be3 Qd8 29. h4 Qb8 30. Rd7 Be5 31. Bf7 Qc8 32. Be6 Qb8 33. Kf3 Bg7 34. Ke2 Be5 35. g4 {[%cal Bg3g4,Bg4g5][%mdl 32]} ({And not} 35. Bxh6 Qb6 $11) 35... Bg7 (35... Bc3 $142 36. Kd3 (36. Bxh6 Qb6 $14) 36... Bg7) 36. Kd3 Qf8 37. Rf7 $1 Qd8 $2 {[#]} (37... Qb8 38. Ke4 Qd8) 38. g5 $1 h5 {[#]} 39. Ba7 $1 Be5 {[#]} 40. b6 $1 {[%mdl 512]} cxb6 41. Rb7 b5 42. Rb8 Qxb8 43. Bxb8 bxa4 44. Kc4 Kg7 45. Bc7 Bg3 46. Bxa5 Bxh4 47. Bc3+ Kf8 48. Bf6 Be1 49. Kb5 a3 50. Ka4 a2 51. Kb3 Bg3 52. Kxa2 Be5 53. Bxe5 {White mates.} dxe5 54. d6 e4 55. Kb2 e3 56. Kc2 e2 57. Kd2 {Precision: White = 80%, Black = 49%.} 1-0

[Event "KAZ-ch 2018"]
[Site "Almaty"]
[Date "2018.04.23"]
[Round "4"]
[White "Saiyn, Zhanat"]
[Black "Ibrayev, Nurlan"]
[Result "1/2-1/2"]
[WhiteElo "2377"]
[BlackElo "2394"]
[Annotator "TA"]
[PlyCount "45"]
[EventDate "2018.??.??"]
[EventType "tourn"]
[EventCountry "KAZ"]
[SourceTitle "playchess.com"]
[Source "ChessBase"]
[SourceQuality "1"]

{[%evp 24,45,0,0,0,0,0,0,0,-25,-21,-20,-39,-46,-40,-47,-12,-8,-5,-12,-10,-17,-21,-33]} 1. d4 Nf6 2. Nf3 d5 3. c4 c6 4. e3 Bg4 5. Nc3 e6 6. h3 Bxf3 7. Qxf3 Nbd7 8. Bd3 Bd6 {D11: Slav Defence: 3 Nf3 sidelines and 3...Nf6 4 e3 Bg4} (8... Bb4 9. O-O O-O 10. Qd1 Re8 11. Bd2 dxc4 12. Bxc4 Qe7 13. a3 Bd6 14. Qc2 Rad8 15. Rfd1 h5 16. b4 h4 {0-1 (35) So,W (2815)-Carlsen,M (2832) chess.com INT 2017}) 9. Bd2 O-O 10. cxd5 exd5 11. g4 {[%cal Bg2g4,Bg4g5][%mdl 32]} Bb4 12. g5 Bxc3 13. Bxc3 {LiveBook: 7 Games} Ne4 $1 14. Bxe4 dxe4 15. Qxe4 Qxg5 16. Qg4 $146 Qd5 17. Rg1 {[%csl Gg1][%cal Rg4g7] [#]} g6 18. h4 {[%cal Bh3h4,Bh4h5][%mdl 32]} Rfe8 19. Qg5 Nb6 20. Qxd5 {The position is equal.} Nxd5 21. h5 Re6 22. Kd2 Rae8 23. Kd3 1/2-1/2

[Event "KAZ-ch 2018"]
[Site "Almaty"]
[Date "2018.04.23"]
[Round "4"]
[White "Agmanov, Zhandos"]
[Black "Zhalmakhanov, Ramazan"]
[Result "1/2-1/2"]
[WhiteElo "2360"]
[BlackElo "2271"]
[Annotator "TA"]
[PlyCount "63"]
[EventDate "2018.??.??"]
[EventType "tourn"]
[EventCountry "KAZ"]
[SourceTitle "playchess.com"]
[Source "ChessBase"]
[SourceQuality "1"]

{[%evp 18,63,14,18,33,27,29,20,39,4,14,0,0,-17,0,-43,-41,-35,-47,-56,-45,-65,-42,-49,-42,-78,-20,-22,-17,-31,-24,-19,-24,-38,-33,-43,-4,-4,-4,-4,-3,-8,-4,-6,-4,-11,0,0]} 1. e4 e5 2. Nf3 Nc6 3. Bc4 Bc5 4. c3 Nf6 5. d3 O-O 6. O-O d5 7. exd5 Nxd5 8. Nbd2 {C54: Giuoco Piano: 4 c3 Nf6, main lines with 5 d4 and 5 d3} (8. Re1 Be6 9. Nbd2 Bd6 10. Ne4 h6 11. b4 a6 12. a4 Re8 13. Qb3 Nf6 14. Bxe6 Rxe6 15. Be3 Ne7 16. Rad1 {1-0 (25) Kramnik,V (2800)-Anand,V (2776) Moscow 2018}) 8... Nb6 9. Bb5 Bd6 10. Re1 {LiveBook: 14 Games} Bd7 11. Nc4 $146 ({Predecessor:} 11. d4 Nxd4 12. Bxd7 Nxf3+ 13. Qxf3 Nxd7 14. Qxb7 Nc5 15. Qf3 f5 {0-1 (60) Medrano,R (2116)-Vajda,L (2561) Tromsoe 2014}) 11... Nxc4 12. Bxc4 h6 13. h3 Qf6 14. Nd2 Qg6 ({Inferior is} 14... Bc5 15. Ne4 $16) 15. Re3 Bc5 $36 {[%mdl 2048] Black has the initiative.} 16. d4 exd4 17. Rg3 Qh7 18. Bd3 Bf5 19. Nb3 Bd6 20. Bxf5 Qxf5 21. Rg4 {With the idea Bxh6.} Qf6 (21... dxc3 $17 22. Bxh6 Be5 23. bxc3 Bxc3) 22. Nxd4 $11 Rad8 23. Qf3 Be5 {[%cal Re5d4]} 24. Qxf6 Bxf6 25. Bxh6 Nxd4 26. cxd4 Rxd4 (26... Bxd4 {seems wilder.} 27. Be3 Bxe3 28. fxe3 Rfe8 29. Rc1 c6) 27. Rxd4 {The position is equal.} Bxd4 {KRB-KRB} 28. Bf4 c5 29. Rc1 Re8 {[#] Hoping for ...Re2.} 30. Kf1 Re6 31. Rc2 f5 32. Be3 {Precision: White = 51%, Black = 41%.} 1/2-1/2